ՄԱՅՐ ԱԹՈՌ ՍՈՒՐԲ ԷՋՄԻԱԾԻՆ

«ՎԱՉԵ ԵՎ ԹԱՄԱՐ ՄԱՆՈՒԿՅԱՆ» ՄԱՏԵՆԱԴԱՐԱՆ

Պատմութիւն Սրբոյն Ներսիսի Պարթեւի Հայոց Հայրապետի: / (Record no. 51081)

MARC details
000 -LEADER
fixed length control field 01184nam a22002657a 4500
003 - CONTROL NUMBER IDENTIFIER
control field SEM
005 - DATE AND TIME OF LATEST TRANSACTION
control field 20220608071938.0
008 - FIXED-LENGTH DATA ELEMENTS--GENERAL INFORMATION
fixed length control field 201124b ||||| |||| 00| 0 arm d
040 ## - CATALOGING SOURCE
Original cataloging agency SEM
Transcribing agency SEM
041 ## - LANGUAGE CODE
Language code of text/sound track or separate title arm.
082 ## - DEWEY DECIMAL CLASSIFICATION NUMBER
Classification number 235.2:281.62/Մ-64
100 ## - MAIN ENTRY--PERSONAL NAME
Personal name Մեսրովպ Երէց
245 ## - TITLE STATEMENT
Title Պատմութիւն Սրբոյն Ներսիսի Պարթեւի Հայոց Հայրապետի: /
Statement of responsibility, etc. Մեսրովպ Երէց
246 ## - VARYING FORM OF TITLE
Title proper/short title [Պատմություն Սրբույն Ներսիսի Պարթևի Հայոց Հայրապետի]: /
260 ## - PUBLICATION, DISTRIBUTION, ETC.
Place of publication, distribution, etc. Վենետիկ:
Name of publisher, distributor, etc. տպ. Մխիթարեանց,
Date of publication, distribution, etc. 1853-
300 ## - PHYSICAL DESCRIPTION
Extent Հ.;
Dimensions 11 սմ
440 ## - SERIES STATEMENT/ADDED ENTRY--TITLE
Title Սոփերք հայկականք
Number of part/section of a work Զ:
-- Է
505 ## - FORMATTED CONTENTS NOTE
Formatted contents note Հ. Ա -
Miscellaneous information 1853.- 147 էջ
505 ## - FORMATTED CONTENTS NOTE
Formatted contents note Հ. Բ -
Miscellaneous information 1853.- 80 էջ
600 #0 - SUBJECT ADDED ENTRY--PERSONAL NAME
Personal name Ս. Ներսես Ա. Պարթև
Dates associated with a name (353-373)
650 ## - SUBJECT ADDED ENTRY--TOPICAL TERM
Topical term or geographic name entry element Հայ եկեղեցու գործիչ
856 ## - ELECTRONIC LOCATION AND ACCESS
Public note Հ. Ա -
Uniform Resource Identifier <a href="http://greenstone.flib.sci.am/gsdl/collect/haygirq/book/patmutyun_srboyn_a_index.html">http://greenstone.flib.sci.am/gsdl/collect/haygirq/book/patmutyun_srboyn_a_index.html</a>
Link text Կարդալ առցանց
856 ## - ELECTRONIC LOCATION AND ACCESS
Public note Հ. Բ -
Uniform Resource Identifier <a href="http://greenstone.flib.sci.am/gsdl/collect/haygirq/book/patmutyun_srboyn_b_index.html">http://greenstone.flib.sci.am/gsdl/collect/haygirq/book/patmutyun_srboyn_b_index.html</a>
Link text Կարդալ առցանց
942 ## - ADDED ENTRY ELEMENTS (KOHA)
Source of classification or shelving scheme Dewey Decimal Classification
Koha item type Գրքեր/Books
Holdings
Withdrawn status Lost status Source of classification or shelving scheme Damaged status Not for loan Collection code Home library Current library Date acquired Cost, normal purchase price Serial Enumeration / chronology Inventory number Total Checkouts Full call number Barcode Date last seen Price effective from Koha item type Public note
    Dewey Decimal Classification     Գրապահոց Մայր Աթոռ Սուրբ Էջմիածին «Վաչե և Թամար Մանուկյան» Մատենադարան Մայր Աթոռ Սուրբ Էջմիածին «Վաչե և Թամար Մանուկյան» Մատենադարան 24/11/2020 2000.00 Հ. Ա 20691   235.2:281.62/Մ-64 20691 16/11/2014 16/11/2014 Գրքեր/Books Սպասարկվում է ընթերցասրահ
    Dewey Decimal Classification     Գրապահոց Մայր Աթոռ Սուրբ Էջմիածին «Վաչե և Թամար Մանուկյան» Մատենադարան Մայր Աթոռ Սուրբ Էջմիածին «Վաչե և Թամար Մանուկյան» Մատենադարան 24/11/2020 2000.00 Հ. Բ 20701   235.2:281.62/Մ-64 20701 25/11/2020 16/11/2014 Գրքեր/Books Սպասարկվում է ընթերցասրահ
    Dewey Decimal Classification     Գրապահոց Մայր Աթոռ Սուրբ Էջմիածին «Վաչե և Թամար Մանուկյան» Մատենադարան Մայր Աթոռ Սուրբ Էջմիածին «Վաչե և Թամար Մանուկյան» Մատենադարան 24/11/2020   Հ. Ա 14704   235.2:281.62/Մ-64 14704 25/11/2020 16/11/2014 Գրքեր/Books Սպասարկվում է 30 օր
    Dewey Decimal Classification     Գրապահոց Մայր Աթոռ Սուրբ Էջմիածին «Վաչե և Թամար Մանուկյան» Մատենադարան Մայր Աթոռ Սուրբ Էջմիածին «Վաչե և Թամար Մանուկյան» Մատենադարան 24/11/2020   Հ. Բ 14703   235.2:281.62/Մ-64 14703 25/11/2020 16/11/2014 Գրքեր/Books Սպասարկվում է 30 օր